000
00321nam a22001337a 4500
008
230621b xxu||||| |||| 00| 0 eng d
020
_a
0714651559
082
_a
328.052
_b
JLS
245
_a
The Journal of the legislative studies
260
_b
Frank CASS & Co
_c
2001
300
_a
116p
440
_n
1
_v
8
942
_2
ddc
_c
BK
999
_c
2059
_d
2059